000 00426nam a2200181Ia 4500
001 14618
005 20260306164927.0
008 260306t1995||||xx |||||||||||||| ||spa||
041 _aESP
082 _a515.35
_bN86
100 _aNovo, Sylvia
_eAUT
245 0 _aEcuaciones y sistemas diferenciales
260 _c1995
300 _a539 páginas :
_c23 cm.
650 _aGEN
654 _aCMA
942 _cLIB
_dJUS
_fJUS
_2ddc
_n
999 _c14618
_d14618